100 lět Domowina (1912-2012)
| Titel: | 100 lět Domowina (1912-2012) : konferenca Serbskeho instituta w kooperaciji z Maćicu Serbskej a Domowinu 28.9 - 29.9.2012 / Edmund Pjech ... (wud.) |
|---|---|
| Beteiligt: | |
| Veröffentlicht: | Bautzen : Sorbisches Inst., 2014 |
| Umfang: | 139 S. : Ill. |
| Format: | Buch |
| Sprache: | Sorbisch |
| Schriftenreihe/ mehrbändiges Werk: |
Kleine Reihe des Sorbischen Instituts ; 19 |
| ISBN: | 9783981324457 |
| Hinweise zum Inhalt: |
Inhaltsverzeichnis
|
alg: 34432898 001A $03004:07-08-14 001B $01999:09-06-23 $t21:53:01.000 001C $03004:14-08-14 $t12:00:22.000 001D $03004:07-08-14 001U $0utf8 001X $00 002@ $0Aau 003@ $0344328988 003O $0882485964 $aOCoLC 004A $A978-3-9813244-5-7 004K $09783981324457 006G $01052554075 006H $0TOCNEUA1633 $2DNB 006T $014,N27 006U $016,B36 $f20140624 007A $0344328988 $aHEB 007G $0DE020B1A3C162298228C7C1257D390048E7C5 009P $qapplication/pdf $A2 $3Inhaltsverzeichnis $uhttp://scans.hebis.de/HEBCGI/show.pl?34432898_toc.pdf $mV:DE-603;B:DE-Mb50 010@ $awen 011@ $a2014 013H $0z 021A $a100 lět Domowina (1912-2012) $dkonferenca Serbskeho instituta w kooperaciji z Maćicu Serbskej a Domowinu 28.9 - 29.9.2012 $hEdmund Pjech ... (wud.) 028C $BHrsg. $#Pjech, Edmund $D20220215 $Ecgwrk $71056891866 $8Pech, Edmund$Z1965- [Tp3] $9346513006 033A $pBautzen $nSorbisches Inst. 034D $a139 S. 034M $aIll. 036E $aKleine Reihe des Sorbischen Instituts $l19 036F $x219 $8Kleine Reihe des Sorbischen Instituts Bautzen $918629235X $l19 041A $#Domowina, Bund Lausitzer Sorben e.V. $#Domowina Domowina, Bund Lausitzer Sorben $#Bund Lausitzer Sorben $#Domowina, Zwězk Łužyskich Serbow $#Domowina, Zwjazk Łužiskich Serbow $#Zwězk Łužyskich Serbow $#Zwjazk Łužiskich Serbow $72009021-3 $8Domowina, Bund Lausitzer Sorben [Tb1] $9042647282 045E $c300 $c491.8 045F $a900.9431510904 $eDDC23BSB 045F/01 $a900 045F/03 $f0904 045F/03 $g43151 045G $a306.0943151 $eDDC23BSB 045G/01 $a306.09 045G/03 $g43151 045H $a909 $eDDC23BSB 045H/01 $a909 045H/03 $g43151 045I $a305.800943 $eDDC23BSB 045I/01 $a305.8009 045I/03 $g43 045R $aGeschichte lok: 34432898 24 101B $014-08-14 $t11:56:27.000 101C $014-08-14 101U $0utf8 145Z/01 $a17 7 P 145Z/02 $a17 15 L 145Z/03 $a17 7 M 145Z/04 $a3 3 C 145Z/05 $a17 15 M exp: 34432898 24 1 #EPN 201B/01 $014-08-14 $t11:59:29.000 201C/01 $007-08-14 201U/01 $0utf8 203@/01 $0737891505 208@/01 $a14-08-14 $bz 209A/01 $a14.07712 $du $f050 $h14 07712 $x00 209C/01 $a14.07712 T $h14 07712 T 209G/01 $a73423678 $x00 220C/01 $ahae 247C/01 $8358050-7Marburg, Bibliothek des Herder-Instituts Marburg $9102600961 lok: 34432898 78 exp: 34432898 78 1 #EPN 201B/01 $007-11-18 $t11:01:39.000 201C/01 $007-11-18 201U/01 $0utf8 203@/01 $0103409016X 208@/01 $a07-11-18 $be 209A/01 $a/ $f000 $x00 209A/01 $ab*p $x01 220C/01 $apgar 244Z/01 $#Generalgouvernement Polen $#Polska $#Rzeczpospolita Polska $#Polska Rzeczpospolita Ludowa $#Poland $#Pologne $#République Polonaise $#Generalne Gubernatorstwo w Polsce $#Polish People's Republic $#Polska Rzeczpospolita Polen $#PRL $#RP $#Polen Generalgouvernement $#Polska Generalgouvernement $#Besetzte Polnische Gebiete $#Besetztes Gebiet in Polen $#Okupowane Polskie Obszary $#Obszary Okupowane w Polsce $#Volksrepublik Polen $#Polska Rosyjska $#Republic Polen $#Respublika Pol'ša $#Pol'skaja Narodnaja Respublika $#République de Pologne $#Polen Links der Weichsel $#Polska po Lewej Stronie Wisły $#Lenkija $#Polija $#Gubernija Carstva Pol'skago $#Republik Polen $74046496-9 $8--Tg1--Polen $x01 $9085129801 244Z/01 $#Schlesien $#Schlesien $#Herzogtum Schlesien $#Herzogtum Schlesien Schlesien $#Provinz Schlesien $#Śla̜sk $#Slezsko $#Silesia $74052678-1 $8--Tg1--Schlesien $x02 $9085146781 247C/01 $82080>Marburg/Lahn, Herder-Institut, Forschungsbibliothek, Bibliographieportal $9336309341
| LEADER | 00000cam a2200000 c 4500 | ||
|---|---|---|---|
| 001 | 344328988 | ||
| 003 | DE-603 | ||
| 005 | 20230609215301.0 | ||
| 007 | tu | ||
| 008 | 140807s2014 xx |||| | u00||u|wen | ||
| 015 | |a 16,B36 |z 14,N27 |2 dnb | ||
| 016 | 7 | |2 DE-101 |a 1052554075 | |
| 020 | |a 9783981324457 | ||
| 024 | 3 | |a 9783981324457 | |
| 035 | |a (DE-599)HEB344328988 | ||
| 035 | |a (OCoLC)882485964 | ||
| 040 | |a DE-603 |b ger |c DE-603 |d DE-603 | ||
| 041 | |a wen | ||
| 082 | 0 | 4 | |8 1\u |a 900.9431510904 |q DE-101 |2 23/BSB |
| 083 | 0 | |8 2\u |a 306.0943151 |q DE-101 |2 23/BSB | |
| 083 | 0 | |8 3\u |a 909 |q DE-101 |2 23/BSB | |
| 083 | 0 | |8 4\u |a 305.800943 |q DE-101 |2 23/BSB | |
| 084 | |a 300 |a 491.8 |q DE-101 |2 sdnb | ||
| 085 | |8 1\u |b 900 | ||
| 085 | |8 1\u |z 1 |s 0904 | ||
| 085 | |8 1\u |z 2 |s 43151 | ||
| 085 | |8 2\u |b 306.09 | ||
| 085 | |8 2\u |z 2 |s 43151 | ||
| 085 | |8 3\u |b 909 | ||
| 085 | |8 3\u |z 2 |s 43151 | ||
| 085 | |8 4\u |b 305.8009 | ||
| 085 | |8 4\u |z 2 |s 43 | ||
| 245 | 0 | 0 | |a 100 lět Domowina (1912-2012) |b konferenca Serbskeho instituta w kooperaciji z Maćicu Serbskej a Domowinu 28.9 - 29.9.2012 |c Edmund Pjech ... (wud.) |
| 264 | 1 | |a Bautzen |b Sorbisches Inst. |c 2014 | |
| 300 | |a 139 S. |b Ill. | ||
| 490 | 1 | |a Kleine Reihe des Sorbischen Instituts |v 19 | |
| 610 | 1 | 7 | |a Domowina, Bund Lausitzer Sorben |2 gnd |0 (DE-588)2009021-3 |0 (DE-603)042647282 |
| 648 | 7 | |a Geschichte |2 gnd | |
| 700 | 1 | |a Pech, Edmund |d 1965- |e Hrsg. |4 edt |0 (DE-603)346513006 |0 (DE-588)1056891866 |2 gnd | |
| 810 | 2 | 2 | |a Sorbisches Institut |t Kleine Reihe des Sorbischen Instituts Bautzen |v 19 |w (DE-603)18629235X |w (DE-600)2126371-1 |9 219 |7 as |
| 856 | 4 | 2 | |m V:DE-603;B:DE-Mb50 |q application/pdf |u http://scans.hebis.de/HEBCGI/show.pl?34432898_toc.pdf |3 Inhaltsverzeichnis |
| 924 | 0 | |9 Mb 50 |a (DE-603)737891505 |b DE-Mb50 |c HES |d c |g 14.07712 | |
| 924 | 0 | |9 2080 |a (DE-603)103409016X |b DE-2080 |c HES |d d |g / | |


